Poly-optimisation as a paradigm of an inverse problem or towards the general structure of engineering tasks / (Rekord nr 1416)
| 000 -ETYKIETA REKORDU | |
|---|---|
| podpole kontrolne o stałej długości | 01617naa a2200241 i 4500 |
| 001 - NUMER KONTROLNY REKORDU | |
| podpole kontrolne | 1416 |
| 003 - IDENTYFIKATOR NUMERU KONTROLNEGO REKORDU | |
| podpole kontrolne | KOSZ 005 |
| 005 - DATA OSTATNIEJ MODYFIKACJI REKORDU | |
| podpole kontrolne | 20180228094642.0 |
| 008 - POLE O STAŁEJ DŁUGOŚCI - DANE KONTROLNE | |
| podpole kontrolne o stałej długości | 150615s2002 pl n f |100 0eng |
| 040 ## - ŹRÓDŁO KATALOGOWANIA | |
| Instytucja, która utworzyła rekord | BPK |
| Instytucja, która dokonała modyfikacji | KOSZ 005/EG |
| 041 ## - KOD JĘZYKA | |
| Kod języka tekstu | eng |
| 044 ## - KOD KRAJU WYDAWCY/PRODUCENTA | |
| Kod kraju wydawcy/producenta | POL |
| 100 1# - NAZWA OSOBOWA | |
| Nazwa osobowa | TARNOWSKI, Wojciech. |
| Lata pracy | 1996 - . |
| Instytucja | Politechnika Koszalińska - Wydział Mechaniczny, |
| Wydział | Katedra Systemów Sterowania |
| 245 10 - TYTUŁ/ODPOWIEDZIALNOŚĆ | |
| Tytuł | Poly-optimisation as a paradigm of an inverse problem or towards the general structure of engineering tasks / |
| Pozostałe elementy strefy tytułu i oznaczenia odpowiedzialności | Wojciech Tarnowski. |
| 246 31 - WARIANT TYTUŁU | |
| Tytuł | Polioptymalizacja jako paradygmat zadania odwrotnego czyli o ogólnej strukturze zadań inżynierskich |
| 500 ## - UWAGI OGÓLNE | |
| Tekst uwagi | Dane z autopsji. |
| 520 ## - UWAGA DOTYCZĄCA TREŚCI DOKUMENTU | |
| Analiza dokumentacyjna, adnotacja itp. | Dla danego modelu matematycznego mamy zadanie odwrotne, gdy znane jest rozwiązanie a szukane argumenty. Pokazano przykłady oraz wymieniono typowe przypadki gdy zadanie jest formułowane jako problem odwrotny. Wymieniono standardowe metody rozwiązywania zadań odwrotnych. Podkreślono szczególną rolę polioptymalizacji. Na bazie uogólnionej struktury procesu projektowania wykazano, że zadanie projektowe jest problemem odwrotnym. |
| 650 #0 - HASŁO PRZEDMIOTOWE W FORMIE NAZWY OGÓLNEJ LUB JEDNOSTKOWEJ | |
| Nazwa ogólna lub geograficzna | Modele matematyczne. |
| 655 #0 - TERMIN INDEKSOWY - OKREŚLENIE RODZAJU/FORMY DOKUMENTU | |
| Określnie rodzaju/formy dokumentu | Materiały konferencyjne. |
| 773 0# - TYTUŁ DOKUMENTU MACIERZYSTEGO | |
| Wyrażenie wprowadzające | W : |
| Tytuł | Polioptymalizacja i komputerowe wspomaganie projektowania : Mielno 2002 / [red. nauk.] Wojciech Tarnowski, Tomasz Kiczkowiak. - |
| Adres wydawniczy | Warszawa : Wydaw. Naukowo-Techniczne, 2002. - |
| Informacje dotyczące relacji | s. 251-260 |
| 711 22 - HASŁO DODATKOWE - NAZWA IMPREZY | |
| Nazwa imprezy | Ogólnopolska Konferencja Polioptymalizacja i Komputerowe Wspomaganie Projektowania |
| Oznaczenie części/sekcji dzieła | (20 ; |
| Data imprezy | 2002 ; |
| Miejsce imprezy | Koszalin / Mielno, Polska). |
| Nazwa części/sekcji dzieła | Mielno 2002 |
| 942 ## - HASŁO DODATKOWE - ELEMENTY(KOHA) | |
| Typ dokumentu | Rozdział |
| Schemat klasyfikacji | Uniwersalna klasyfikacja dziesiętna |
| Wycofany | Zagubiony | Uszkodzony | Dostępność | Lokalizacja stała | Lokalizacja bieżąca | Sygnatura | Typ dokumentu |
|---|---|---|---|---|---|---|---|
| Dostępny | Bibliografia Prac Pracowników - BPK | Bibliografia Prac Pracowników - BPK | 64322 | Rozdział |
